[Event "Open SSM A Giugno"]
[Site "Milano ITA"]
[Date "2013.06.06"]
[Round "1"]
[White "Cazzaniga, Walter"]
[Black "Falchi, Claudio"]
[WhiteElo "2158"]
[BlackElo "1936"]
[Result "1-0"]
[PlyCount "99"]
[EventDate "2013.06.06"]

1. d4 e6 2. c4 f5 3. g3 Nf6 4. Bg2 d5 5. Nc3 c6 6. Nh3 Bd6 7. O-O O-O 8. Bf4
Bxf4 9. Nxf4 g5 10. Nd3 Qd6 11. e3 Nbd7 12. c5 Qe7 13. Re1 e5 14. dxe5 Nxe5 15.
Nxe5 Qxe5 16. Rc1 Bd7 17. Qb3 Kh8 18. Rcd1 Rab8 19. Qc2 Rbe8 20. Qa4 a6 21. Qb4
Bc8 22. Na4 Re7 23. f4 gxf4 24. exf4 Qc7 25. Rxe7 Qxe7 26. Re1 Ne4 27. Nb6 Be6
28. Qd4+ Qf6 29. Qxf6+ Rxf6 30. Bxe4 fxe4 31. Kf2 Rh6 32. h4 Rg6 33. Na4 Rg8
34. Nc3 Rd8 35. Rd1 Rg8 36. Rd4 Bg4 37. Rb4 Rg7 38. Ke3 Bh5 39. Kf2 e3+ 40.
Kxe3 Rxg3+ 41. Kd4 Rg7 42. Ke5 Kg8 43. f5 Kf8 44. f6 Rf7 45. Rd4 h6 46. Ne4 Rh7
47. Nd6 Bg6 48. Rb4 h5 49. Nxb7 d4 50. Nd6 1-0

[Event "Open SSM A Giugno"]
[Site "Milano ITA"]
[Date "2013.06.06"]
[Round "1"]
[White "Di Chiara, Mauro"]
[Black "Valaker, Ole J."]
[WhiteElo "1975"]
[BlackElo "2195"]
[Result "0-1"]
[PlyCount "55"]
[EventDate "2013.06.06"]

1. Nf3 d5 2. d4 Nf6 3. c4 dxc4 4. e3 a6 5. Bxc4 b5 6. Bd3 Bb7 7. O-O e6 8. a4
b4 9. Nbd2 c5 10. Nc4 Nc6 11. Qe2 cxd4 12. exd4 Nxd4 13. Nxd4 Qxd4 14. Be3 Qg4
15. f3 Qh5 16. Rac1 Nd5 17. Be4 Be7 18. Rfd1 Nxe3 19. Bxb7 Nxd1 20. Bc6+ Kf8
21. Bxa8 Bc5+ 22. Kf1 Qxh2 23. Qxd1 Qg1+ 24. Ke2 Qf2+ 25. Kd3 Ke7 26. Nd2 Rxa8
27. Qc2 Rd8+ 28. Ke4 0-1

[Event "Open SSM A Giugno"]
[Site "Milano ITA"]
[Date "2013.06.06"]
[Round "1"]
[White "Marchini, Daniele"]
[Black "Bonazzi, Edoardo"]
[WhiteElo "1898"]
[BlackElo "2073"]
[Result "0-1"]
[PlyCount "94"]
[EventDate "2013.06.06"]

1. d4 Nf6 2. c4 c5 3. d5 b5 4. cxb5 a6 5. e3 axb5 6. Bxb5 Qa5+ 7. Nc3 Bb7 8.
Bc4 e6 9. Bd2 Qb6 10. e4 Nxe4 11. dxe6 fxe6 12. Nxe4 Bxe4 13. Bc3 Nc6 14. Qg4
Bf5 15. Qh5+ Bg6 16. Qf3 d5 17. Bd3 Bxd3 18. Qxd3 Nb4 19. Qe2 c4 20. Qh5+ g6
21. Qh4 Be7 22. Qg4 Nd3+ 23. Kd2 Bb4 24. Ne2 Nxf2 25. Qd4 Qxd4+ 26. Nxd4 Bxc3+
27. Kxc3 Nxh1 28. Rxh1 Kd7 29. Re1 Rhe8 30. a3 e5 31. Nf3 Kd6 32. Ng5 Re7 33.
Rf1 Kc5 34. Rf6 d4+ 35. Kd2 Kd5 36. Rb6 Rc8 37. a4 Rc5 38. Ra6 e4 39. a5 e3+
40. Ke1 d3 41. Ra8 c3 42. Rd8+ Kc4 43. bxc3 Rxg5 44. a6 d2+ 45. Ke2 Rxg2+ 46.
Kf3 Rg1 47. a7 Rxa7 0-1

[Event "Open SSM A Giugno"]
[Site "Milano ITA"]
[Date "2013.06.06"]
[Round "1"]
[White "Pelizzola, Danilo"]
[Black "Margstahler, Francesco"]
[WhiteElo "2072"]
[BlackElo "1791"]
[Result "1-0"]
[PlyCount "45"]
[EventDate "2013.06.06"]

1. e4 c6 2. d4 d5 3. Nd2 dxe4 4. Nxe4 Bf5 5. Ng3 Bg6 6. Bc4 e6 7. N1e2 Bd6 8.
Bf4 Nf6 9. O-O O-O 10. Qd2 Ne4 11. Nxe4 Bxe4 12. c3 Bxf4 13. Nxf4 Nd7 14. f3
Bd5 15. Bd3 e5 16. Nxd5 cxd5 17. Bf5 exd4 18. Qxd4 Nb6 19. Rad1 Re8 20. Rfe1
Nc4 21. b3 Nb6 22. a4 a5 23. Rxe8+ 1-0

[Event "Open SSM A Giugno"]
[Site "Milano ITA"]
[Date "2013.06.06"]
[Round "1"]
[White "Robertsen, Thomas"]
[Black "Michel, Steve"]
[WhiteElo "2231"]
[BlackElo "1983"]
[Result "1-0"]
[PlyCount "71"]
[EventDate "2013.06.06"]

1. e4 e6 2. d4 d5 3. e5 c5 4. c3 Nc6 5. Nf3 Bd7 6. Bd3 Qb6 7. O-O cxd4 8. cxd4
Nxd4 9. Nbd2 Ne7 10. Nxd4 Qxd4 11. Nf3 Qb6 12. Be3 Qc7 13. Rc1 Nc6 14. a3 Qb8
15. Re1 Nxe5 16. Nxe5 Qxe5 17. f4 Qf6 18. Rc7 Bc6 19. Qc2 Kd8 20. Rxc6 bxc6 21.
Qxc6 Rc8 22. Qb7 Qe7 23. Qa6 Qd6 24. Qxa7 Qc5 25. Qxf7 Qe7 26. Bb6+ Kd7 27.
Bb5+ Kd6 28. Qh5 Qf6 29. Qh3 Ke7 30. Qe3 Qg6 31. Bd3 Qh6 32. Qf3 Kf7 33. f5 Rc1
34. fxe6+ Ke7 35. Qf7+ Kd6 36. Qd7# 1-0

[Event "Open SSM A Giugno"]
[Site "Milano ITA"]
[Date "2013.06.07"]
[Round "2"]
[White "Bonazzi, Edoardo"]
[Black "Robertsen, Thomas"]
[WhiteElo "2073"]
[BlackElo "2231"]
[Result "1-0"]
[PlyCount "87"]
[EventDate "2013.06.06"]

1. c4 c5 2. g3 Nc6 3. Bg2 e5 4. Nc3 g6 5. Nf3 Bg7 6. O-O d6 7. a3 a5 8. d3 Nge7
9. Ne1 O-O 10. Bg5 f6 11. Be3 Be6 12. Nd5 Rb8 13. Nxe7+ Nxe7 14. b4 b6 15. Nc2
Qd7 16. Bd2 axb4 17. axb4 d5 18. cxd5 Nxd5 19. bxc5 bxc5 20. Ne3 f5 21. Qa4 Qf7
22. Nxd5 Bxd5 23. Bxd5 Qxd5 24. Qa2 Rfd8 25. Bg5 Rd7 26. Rfc1 e4 27. dxe4 fxe4
28. Rxc5 Qxa2 29. Rxa2 h6 30. Be3 g5 31. Rc4 g4 32. Rxe4 Rd1+ 33. Kg2 h5 34. h3
gxh3+ 35. Kxh3 Rbb1 36. Kg2 Rg1+ 37. Kf3 Rb7 38. Ra8+ Kh7 39. Ra7 Rxa7 40. Bxa7
Kg6 41. Bd4 Bf8 42. Re6+ Kg5 43. Ra6 Be7 44. e4 1-0

[Event "Open SSM A Giugno"]
[Site "Milano ITA"]
[Date "2013.06.07"]
[Round "2"]
[White "Falchi, Claudio"]
[Black "Di Chiara, Mauro"]
[WhiteElo "1936"]
[BlackElo "1975"]
[Result "0-1"]
[PlyCount "120"]
[EventDate "2013.06.06"]

1. e4 c5 2. Nf3 Nc6 3. Bb5 g6 4. Bxc6 bxc6 5. Nc3 Bg7 6. O-O Nf6 7. d3 O-O 8.
h3 d6 9. Nh2 Rb8 10. f4 Nh5 11. Qe1 e6 12. g4 Nf6 13. Kh1 Ba6 14. f5 Nd7 15. g5
exf5 16. exf5 gxf5 17. Rxf5 Ne5 18. Ne4 Ng6 19. Qd1 Bc8 20. Rf6 Be6 21. Rf2 Bd5
22. Qh5 Re8 23. Re2 Rb4 24. c3 Bxe4+ 25. dxe4 Rbxe4 26. Rxe4 Rxe4 27. Bd2 Qe7
28. Rf1 Re2 29. Nf3 Qe4 30. Qg4 Qxg4 31. hxg4 Ne5 32. Nxe5 Bxe5 33. Bc1 c4 34.
Kg1 Re4 35. Kg2 Rxg4+ 36. Kf3 Rg3+ 37. Ke4 Rd3 38. Kf5 Kg7 39. Bf4 Rd5 40. Kg4
Rb5 41. Bxe5+ Rxe5 42. Rf2 d5 43. Kf4 Re6 44. Rd2 Kg6 45. Rh2 Re4+ 46. Kf3 Re6
47. Kf4 c5 48. Rd2 Re4+ 49. Kf3 Re5 50. Rh2 Rxg5 51. Re2 Kf6 52. Re8 Rf5+ 53.
Kg3 Re5 54. Ra8 d4 55. Rxa7 d3 56. Rd7 Ke6 57. Rd8 Ke7 58. Ra8 d2 59. Ra7+ Kf6
60. Rd7 Re3+ 0-1

[Event "Open SSM A Giugno"]
[Site "Milano ITA"]
[Date "2013.06.07"]
[Round "2"]
[White "Gobbo, Francesco"]
[Black "Marchini, Daniele"]
[WhiteElo "1949"]
[BlackElo "1898"]
[Result "1-0"]
[PlyCount "37"]
[EventDate "2013.06.06"]

1. d4 Nf6 2. c4 e6 3. Nf3 b6 4. a3 Ba6 5. Qa4 c6 6. Nc3 Bb7 7. e4 d5 8. cxd5
exd5 9. e5 Ne4 10. Bd3 Nxc3 11. bxc3 Be7 12. O-O a5 13. Re1 Ba6 14. Bb1 Qd7 15.
Qd1 c5 16. e6 fxe6 17. Ne5 Qc7 18. Qh5+ Kd8 19. Bf4 1-0

[Event "Open SSM A Giugno"]
[Site "Milano ITA"]
[Date "2013.06.07"]
[Round "2"]
[White "Michel, Steve"]
[Black "Pelizzola, Danilo"]
[WhiteElo "1983"]
[BlackElo "2072"]
[Result "0-1"]
[PlyCount "74"]
[EventDate "2013.06.06"]

1. d4 Nf6 2. c4 e6 3. Nc3 Bb4 4. f3 c5 5. d5 d6 6. e4 O-O 7. Bd3 Nbd7 8. Nge2
Ne5 9. O-O a6 10. Bg5 Ng6 11. a3 Ba5 12. Rb1 Bd7 13. Bc2 Qe7 14. Ba4 Rad8 15.
Bxd7 Rxd7 16. Bxf6 Qxf6 17. Qa4 Qd8 18. Rbc1 Re7 19. Kh1 Bxc3 20. Nxc3 e5 21.
b4 Qc7 22. Qb3 Nf4 23. g3 Ng6 24. bxc5 Qxc5 25. Na4 Qa7 26. c5 dxc5 27. Nxc5
Rc7 28. Na4 b5 29. Nb2 Rfc8 30. Rxc7 Rxc7 31. d6 Rd7 32. Rd1 Qf2 33. a4 h5 34.
axb5 Rxd6 35. Nd3 Qxf3+ 36. Kg1 axb5 37. Qxb5 Qxd1+ 0-1

[Event "Open SSM A Giugno"]
[Site "Milano ITA"]
[Date "2013.06.07"]
[Round "2"]
[White "Valaker, Ole J."]
[Black "Cazzaniga, Walter"]
[WhiteElo "2195"]
[BlackElo "2158"]
[Result "1-0"]
[PlyCount "95"]
[EventDate "2013.06.06"]

1. d4 Nf6 2. Bg5 e6 3. Nf3 c5 4. e3 Qb6 5. Nbd2 d5 6. Bxf6 gxf6 7. c4 Nc6 8.
cxd5 exd5 9. dxc5 Bxc5 10. Be2 Rg8 11. O-O Bh3 12. Ne1 O-O-O 13. Kh1 Bf5 14.
Bd3 Be4 15. Bxe4 dxe4 16. Nc4 Qa6 17. Qc2 Kb8 18. Qxe4 Ne5 19. b3 Rg4 20. f4
Nxc4 21. bxc4 Qe6 22. Qxe6 fxe6 23. g3 Bxe3 24. Nf3 Bc5 25. Rae1 Rd6 26. Re2
Kc7 27. Rfe1 Kd7 28. Kg2 Rg7 29. Rd2 Rxd2+ 30. Nxd2 Bb4 31. Rb1 a5 32. a3 Bf8
33. Rxb7+ Kc6 34. Rb3 Rd7 35. Nf3 a4 36. Re3 Rd6 37. g4 Kd7 38. g5 fxg5 39.
Ne5+ Kc7 40. fxg5 Rd2+ 41. Kg3 Ra2 42. Nf3 Bd6+ 43. Kg4 Rxa3 44. Rxe6 Rc3 45.
Nd2 a3 46. Rxd6 Kxd6 47. Ne4+ Ke5 48. Nxc3 1-0

[Event "Open SSM A Giugno"]
[Site "Milano ITA"]
[Date "2013.06.08"]
[Round "3"]
[White "Cazzaniga, Walter"]
[Black "Bonazzi, Edoardo"]
[WhiteElo "2158"]
[BlackElo "2073"]
[Result "1-0"]
[PlyCount "75"]
[EventDate "2013.06.06"]

1. d4 Nf6 2. c4 e6 3. Nf3 d5 4. Nc3 Be7 5. Bg5 h6 6. Bh4 O-O 7. e3 Ne4 8. Bxe7
Qxe7 9. Qc2 Nxc3 10. Qxc3 dxc4 11. Bxc4 b6 12. O-O Bb7 13. Be2 Rc8 14. b4 c5
15. dxc5 bxc5 16. b5 Nd7 17. a4 a6 18. Rfc1 axb5 19. axb5 Nb6 20. Rxa8 Bxa8 21.
Qa5 Qc7 22. Nd2 Bd5 23. e4 Ra8 24. Qc3 Bb7 25. f3 Ra2 26. Bf1 Qf4 27. Nb3 Na4
28. Qd3 Ra3 29. Qd2 Qxd2 30. Nxd2 Ra2 31. Nb3 f5 32. Bc4 Rb2 33. Bxe6+ Kf8 34.
exf5 Bc8 35. Nxc5 Nxc5 36. Rxc5 Bxe6 37. fxe6 Ke7 38. Re5 1-0

[Event "Open SSM A Giugno"]
[Site "Milano ITA"]
[Date "2013.06.08"]
[Round "3"]
[White "Margstahler, Francesco"]
[Black "Di Chiara, Mauro"]
[WhiteElo "1791"]
[BlackElo "1975"]
[Result "0-1"]
[PlyCount "76"]
[EventDate "2013.06.06"]

1. e4 g6 2. d4 Bg7 3. Nc3 d6 4. Nf3 Nf6 5. Be2 O-O 6. O-O c6 7. Re1 b5 8. e5
Ne8 9. exd6 Nxd6 10. Ne5 b4 11. Na4 Qa5 12. b3 Bb7 13. f4 Rd8 14. Nc5 Qb6 15.
Be3 Nf5 16. Bf2 Na6 17. Bc4 Bxe5 18. Rxe5 Nxc5 19. Rxc5 Ba6 20. Rxf5 gxf5 21.
Bxf7+ Kxf7 22. Qh5+ Kf8 23. Qxf5+ Ke8 24. Qe5 Qb5 25. Qe6 Qd5 26. Qg4 Bc8 27.
Qe2 Rd6 28. Re1 Re6 29. Be3 a5 30. Qd3 Rg6 31. g3 Ba6 32. Qd2 Rd8 33. f5 Qxf5
34. Bf4 Qd5 35. Be5 c5 36. c4 bxc3 37. Qxc3 Bb7 38. Qd2 Qh1+ 0-1

[Event "Open SSM A Giugno"]
[Site "Milano ITA"]
[Date "2013.06.08"]
[Round "3"]
[White "Michel, Steve"]
[Black "Falchi, Claudio"]
[WhiteElo "1983"]
[BlackElo "1936"]
[Result "1-0"]
[PlyCount "45"]
[EventDate "2013.06.06"]

1. d4 e6 2. e4 d5 3. Nc3 Bb4 4. e5 c5 5. a3 Bxc3+ 6. bxc3 Qa5 7. Bd2 Qa4 8. Qg4
g6 9. Bd3 c4 10. Be2 Qxc2 11. Nf3 f6 12. Qg3 Nc6 13. h4 h5 14. O-O Qf5 15. exf6
Nxf6 16. Ng5 Ne4 17. Nxe4 Qxe4 18. Rfe1 Qf5 19. Bd1 O-O 20. Ra2 Ne7 21. Bg5 Qb1
22. Bxe7 Qxa2 23. Qxg6+ 1-0

[Event "Open SSM A Giugno"]
[Site "Milano ITA"]
[Date "2013.06.08"]
[Round "3"]
[White "Pelizzola, Danilo"]
[Black "Valaker, Ole J."]
[WhiteElo "2072"]
[BlackElo "2195"]
[Result "1/2-1/2"]
[PlyCount "31"]
[EventDate "2013.06.06"]

1. e4 Nf6 2. Nc3 d5 3. exd5 Nxd5 4. Bc4 Nb6 5. Bb3 Nc6 6. Nge2 Bf5 7. d3 Na5 8.
Be3 e6 9. Ng3 Bg6 10. O-O Nxb3 11. axb3 Nd5 12. Nxd5 Qxd5 13. Qe2 Bd6 14. Ra4
a6 15. Ne4 O-O 16. Nxd6 1/2-1/2

[Event "Open SSM A Giugno"]
[Site "Milano ITA"]
[Date "2013.06.08"]
[Round "4"]
[White "Bonazzi, Edoardo"]
[Black "Pelizzola, Danilo"]
[WhiteElo "2073"]
[BlackElo "2072"]
[Result "1-0"]
[PlyCount "131"]
[EventDate "2013.06.06"]

1. c4 Nf6 2. Nf3 b6 3. g3 Bb7 4. Bg2 c5 5. O-O e6 6. Nc3 d6 7. Re1 Nbd7 8. e4
Be7 9. d4 cxd4 10. Nxd4 Qb8 11. f4 O-O 12. Be3 Rc8 13. b3 Nc5 14. Bf2 Bf8 15.
Rc1 e5 16. fxe5 dxe5 17. Nc2 a6 18. Nd5 Rc6 19. Ncb4 Rd6 20. Nxf6+ Rxf6 21. Nd5
Rd6 22. b4 Nd7 23. Bh3 Bc8 24. c5 bxc5 25. bxc5 Rc6 26. Bxd7 Bxd7 27. Nb6 Be6
28. Nxa8 Qxa8 29. Qa4 Qc8 30. Qa5 Bh3 31. Qc3 Qg4 32. Qd3 Qc8 33. Qe3 h6 34.
Red1 Be7 35. Rc2 Bg5 36. Qd3 Kh7 37. Be3 Be7 38. Rdc1 f5 39. exf5 Bxf5 40. Qd5
Bxc2 41. Rxc2 Bf6 42. Rb2 Rc7 43. Rb6 Rd7 44. Rd6 Rxd6 45. Qxd6 Qb7 46. Qd3+ e4
47. Qc4 Qc6 48. Kf2 Kh8 49. Bd4 Kh7 50. h4 h5 51. Ke3 Bxd4+ 52. Qxd4 g6 53. Qd6
Qa4 54. c6 Qxa2 55. c7 Qb3+ 56. Kxe4 Qc2+ 57. Kd5 Qb3+ 58. Ke5 Qxg3+ 59. Ke6
Qg4+ 60. Ke7 Kh6 61. Qf6 Qe4+ 62. Kf8 Qa8+ 63. Kf7 Qd5+ 64. Qe6 Qf3+ 65. Kg8
Qc3 66. Qf7 1-0

[Event "Open SSM A Giugno"]
[Site "Milano ITA"]
[Date "2013.08.15"]
[Round "4"]
[White "Di Chiara, Mauro"]
[Black "Cazzaniga, Walter"]
[WhiteElo "1975"]
[BlackElo "2158"]
[Result "0-1"]
[PlyCount "64"]
[EventDate "2013.06.06"]

1. Nf3 Nf6 2. c4 g6 3. d4 Bg7 4. Nc3 O-O 5. e4 d6 6. Be2 e5 7. O-O Nc6 8. d5
Ne7 9. Ne1 Ne8 10. Be3 f5 11. f3 f4 12. Bf2 g5 13. a4 h5 14. c5 a6 15. cxd6
Nxd6 16. a5 Rf6 17. b4 Rg6 18. Na4 g4 19. Kh1 g3 20. Bc5 gxh2 21. Bxd6 Qxd6 22.
Nc5 h4 23. Rc1 Kh7 24. Qb3 h3 25. Ne6 Bxe6 26. dxe6 Nc6 27. gxh3 Nd4 28. Qc4 c6
29. Nc2 Qe7 30. Kxh2 Qh4 31. Rg1 Qf2+ 32. Kh1 Rg3 0-1

[Event "Open SSM A Giugno"]
[Site "Milano ITA"]
[Date "2013.06.08"]
[Round "4"]
[White "Gobbo, Francesco"]
[Black "Margstahler, Francesco"]
[WhiteElo "1949"]
[BlackElo "1791"]
[Result "1-0"]
[PlyCount "163"]
[EventDate "2013.06.06"]

1. d4 d5 2. c4 dxc4 3. e4 e5 4. d5 Nf6 5. Bg5 Bc5 6. Qf3 O-O 7. Bxc4 c6 8. Nc3
b5 9. Bb3 Bb7 10. Nge2 Bb4 11. O-O Bxc3 12. Nxc3 b4 13. dxc6 Nxc6 14. Nd5 Nd4
15. Qe3 Nxb3 16. Bxf6 gxf6 17. axb3 Bxd5 18. Rad1 Qe7 19. Rxd5 Rfd8 20. Rfd1
Rxd5 21. Rxd5 Rd8 22. g3 Rd7 23. Qd3 Rc7 24. Kg2 Kg7 25. h4 h6 26. Qd1 Kh7 27.
Rd8 Rb7 28. Qd5 Kg7 29. Qd2 Kh7 30. Qd1 Rc7 31. Qd5 Rb7 32. Rd6 Kg7 33. Qd3 Kh7
34. Qd2 Kg7 35. Kh3 Kh7 36. Kg4 Kg6 37. Qd3 Rc7 38. f4 h5+ 39. Kh3 Kg7 40. f5
Rb7 41. Qd1 Kh6 42. Rd8 Kg7 43. g4 Qc5 44. Rd3 hxg4+ 45. Qxg4+ Kf8 46. Qd1 Ke7
47. h5 Qf2 48. Qc1 Rd7 49. Rg3 Qe2 50. Qc5+ Rd6 51. Qxa7+ Rd7 52. Qc5+ Rd6 53.
Qxb4 Qxh5+ 54. Kg2 Qe2+ 55. Kg1 Qxb2 56. Rc3 Qa1+ 57. Kf2 Qa7+ 58. Ke2 Qa2+ 59.
Kf3 Qa7 60. Rd3 Qb6 61. Qxd6+ Qxd6 62. Rxd6 Kxd6 63. Ke3 Kc5 64. Kd3 Kb5 65.
Kc3 Kc5 66. b4+ Kb5 67. Kb3 Kb6 68. Kc4 Kc6 69. b5+ Kb6 70. Kb4 Kb7 71. Kc5 Kc7
72. b6+ Kb7 73. Kb5 Kb8 74. Kc6 Kc8 75. Kd6 Kb7 76. Ke7 Kxb6 77. Kxf6 Kc6 78.
Kxe5 Kd7 79. Kf6 Ke8 80. Kg7 Ke7 81. e5 Ke8 82. f6 1-0

[Event "Open SSM A Giugno"]
[Site "Milano ITA"]
[Date "2013.06.08"]
[Round "4"]
[White "Marchini, Daniele"]
[Black "Michel, Steve"]
[WhiteElo "1898"]
[BlackElo "1983"]
[Result "0-1"]
[PlyCount "88"]
[EventDate "2013.06.06"]

1. d4 Nf6 2. c4 c5 3. d5 e5 4. Nc3 d6 5. e4 Be7 6. g3 Nbd7 7. Bg2 a6 8. a4 b6
9. Nf3 O-O 10. O-O Ne8 11. Qd3 g6 12. Bh6 Ng7 13. Qe3 Nf6 14. h3 Kh8 15. Ne1
Ng8 16. Bxg7+ Kxg7 17. Nd3 f5 18. f4 exf4 19. gxf4 fxe4 20. Nxe4 Nh6 21. Ng5
Nf5 22. Qd2 Bf6 23. Ne6+ Bxe6 24. dxe6 Ra7 25. Rad1 Qc8 26. Bd5 Re7 27. Nf2 Bd4
28. Rfe1 Rf6 29. b4 Rfxe6 30. Bxe6 Rxe6 31. Kh2 Nh4 32. Kg3 Nf5+ 33. Kh2 Nh4
34. Kg3 Qc6 35. Kxh4 Qg2 36. Ng4 Qxd2 37. Rxd2 Rxe1 38. a5 bxa5 39. bxc5 Bxc5
40. Nf2 Rg1 41. Ne4 Bb4 42. Re2 Be1+ 43. Rxe1 Rxe1 44. Nxd6 a4 0-1

[Event "Open SSM A Giugno"]
[Site "Milano ITA"]
[Date "2013.06.09"]
[Round "5"]
[White "Bonazzi, Edoardo"]
[Black "Valaker, Ole J."]
[WhiteElo "2073"]
[BlackElo "2195"]
[Result "1/2-1/2"]
[PlyCount "35"]
[EventDate "2013.06.06"]

1. c4 e5 2. g3 Nf6 3. Bg2 Nc6 4. Nc3 Bc5 5. e3 d6 6. Nge2 a6 7. O-O O-O 8. d4
Ba7 9. h3 Re8 10. a3 a5 11. b3 h6 12. Kh2 Ne7 13. Bb2 c6 14. Qd2 Nf5 15. dxe5
dxe5 16. Qxd8 Rxd8 17. Rfd1 Be6 18. a4 1/2-1/2

[Event "Open SSM A Giugno"]
[Site "Milano ITA"]
[Date "2013.06.09"]
[Round "5"]
[White "Cazzaniga, Walter"]
[Black "Robertsen, Thomas"]
[WhiteElo "2158"]
[BlackElo "2231"]
[Result "1/2-1/2"]
[PlyCount "95"]
[EventDate "2013.06.06"]

1. d4 Nf6 2. c4 g6 3. Nc3 Bg7 4. e4 d6 5. Nf3 O-O 6. Be2 e5 7. d5 a5 8. Bg5 h6
9. Bh4 Na6 10. Nd2 Qe8 11. Bxf6 Bxf6 12. h4 Kg7 13. h5 Qe7 14. O-O Bd7 15. Re1
Kh7 16. Bg4 Nc5 17. Bxd7 Nxd7 18. Nf1 Bg5 19. Qg4 Nf6 20. hxg6+ fxg6 21. Qe6
Qg7 22. a3 Nh5 23. g3 Rae8 24. Qg4 Nf6 25. Qh3 h5 26. Re2 Rf7 27. Nh2 Ref8 28.
c5 Qh6 29. cxd6 cxd6 30. Nb5 Ne8 31. Rf1 Bd8 32. Kg2 Bb6 33. f3 Qg5 34. a4 Bc5
35. Kh1 Kh8 36. b3 Nc7 37. Nxc7 Rxc7 38. Rg2 Qe3 39. g4 h4 40. g5 Rff7 41. Rg4
Rh7 42. Rxh4 Qxg5 43. Rxh7+ Rxh7 44. Qc8+ Kg7 45. Qxb7+ Kg8 46. Qc8+ Kg7 47.
Qd7+ Kg8 48. Qe8+ 1/2-1/2

[Event "Open SSM A Giugno"]
[Site "Milano ITA"]
[Date "2013.06.09"]
[Round "5"]
[White "Falchi, Claudio"]
[Black "Pelizzola, Danilo"]
[WhiteElo "1936"]
[BlackElo "2072"]
[Result "1/2-1/2"]
[PlyCount "100"]
[EventDate "2013.06.06"]

1. e4 e5 2. Nf3 Nc6 3. Bb5 a6 4. Bxc6 dxc6 5. d4 exd4 6. Qxd4 Qxd4 7. Nxd4 Bd7
8. Nc3 O-O-O 9. Bd2 Ne7 10. O-O-O f6 11. f3 Ng6 12. Be3 Re8 13. Rde1 Bb4 14.
Bd2 Ne5 15. Nd1 Bc5 16. Nb3 Bd6 17. Ne3 b6 18. Nd4 a5 19. Ndf5 Bf8 20. Re2 g6
21. Ng3 h5 22. h4 Bd6 23. Be1 Be6 24. a3 Kb7 25. Bf2 a4 26. Rd2 b5 27. c3 Rh7
28. Ne2 Nc4 29. Nxc4 Bxc4 30. Bg3 Bf8 31. Bf4 g5 32. hxg5 fxg5 33. Bxg5 Rg7 34.
Bf4 Rxg2 35. Nd4 Rxd2 36. Kxd2 c5 37. Rxh5 cxd4 38. cxd4 b4 39. axb4 Bxb4+ 40.
Ke3 Re7 41. Be5 c6 42. f4 Rf7 43. Rh8 Bf8 44. f5 Kb6 45. Kf4 Bd3 46. Rh3 Bc2
47. Rh2 Bb1 48. Rh1 Bc2 49. Rh2 Bd3 50. Rh3 Bc2 1/2-1/2

[Event "Open SSM A Giugno"]
[Site "Milano ITA"]
[Date "2013.06.09"]
[Round "5"]
[White "Margstahler, Francesco"]
[Black "Marchini, Daniele"]
[WhiteElo "1791"]
[BlackElo "1898"]
[Result "0-1"]
[PlyCount "70"]
[EventDate "2013.06.06"]

1. e4 c5 2. c3 Nf6 3. e5 Nd5 4. Nf3 Nc6 5. d4 cxd4 6. cxd4 d6 7. Bc4 Nb6 8. Bb5
dxe5 9. Nxe5 Bd7 10. Nxd7 Qxd7 11. Nc3 e6 12. O-O Rc8 13. Re1 Bb4 14. Qg4 O-O
15. Bh6 f5 16. Bxc6 Rxc6 17. Qg3 e5 18. Bg5 exd4 19. Rad1 Re6 20. Rxe6 Qxe6 21.
Nb5 Qe2 22. Qd3 Qxd3 23. Rxd3 Re8 24. h4 Re1+ 25. Kh2 Re2 26. a3 Bf8 27. Rxd4
Rxb2 28. Nxa7 Bc5 29. Rd8+ Kf7 30. Nc8 Nxc8 31. Rxc8 Bxa3 32. Bc1 Bd6+ 33. f4
Rb4 34. Kh3 b5 35. Ba3 Rb3+ 0-1

[Event "Open SSM A Giugno"]
[Site "Milano ITA"]
[Date "2013.06.09"]
[Round "5"]
[White "Michel, Steve"]
[Black "Di Chiara, Mauro"]
[WhiteElo "1983"]
[BlackElo "1975"]
[Result "1-0"]
[PlyCount "89"]
[EventDate "2013.06.06"]

1. d4 g6 2. c4 Bg7 3. e4 d6 4. Nf3 Nf6 5. Nc3 O-O 6. Be2 e5 7. O-O Nc6 8. d5
Ne7 9. Ne1 Ne8 10. Nd3 f5 11. f4 fxe4 12. Nxe4 Nf5 13. fxe5 dxe5 14. Bg5 Nf6
15. Nxe5 Qe8 16. Nxf6+ Bxf6 17. Bxf6 Rxf6 18. Ng4 Rf8 19. Qd2 h5 20. Nh6+ Kh7
21. Nxf5 Bxf5 22. Rae1 Qe7 23. Kh1 Qh4 24. Rf4 Qg5 25. Ref1 Rae8 26. h3 Re4 27.
g4 Qh4 28. Kg2 Rfe8 29. Bf3 Re3 30. Qf2 Qg5 31. Bd1 hxg4 32. hxg4 Kg7 33. b3
R3e7 34. Qd4+ Kg8 35. Rh1 Rh7 36. Rxh7 Kxh7 37. Kg3 Re1 38. Bf3 b6 39. b4 Rc1
40. c5 bxc5 41. bxc5 Rc2 42. d6 Qh6 43. Bg2 Be6 44. d7 g5 45. Re4 1-0

[Event "Open SSM A Giugno"]
[Site "Milano ITA"]
[Date "2013.06.09"]
[Round "6"]
[White "Gobbo, Francesco"]
[Black "Bonazzi, Edoardo"]
[WhiteElo "1949"]
[BlackElo "2073"]
[Result "1-0"]
[PlyCount "60"]
[EventDate "2013.06.06"]

1. d4 Nf6 2. c4 c5 3. d5 b5 4. cxb5 a6 5. b6 e6 6. Nc3 Nxd5 7. Nxd5 exd5 8.
Qxd5 Nc6 9. Nf3 Rb8 10. e4 Be7 11. Bc4 O-O 12. O-O Rxb6 13. Bd2 d6 14. Bc3 Be6
15. Qd3 Nb4 16. Qe2 Bxc4 17. Qxc4 d5 18. exd5 Qxd5 19. Ne5 Rd8 20. Qg4 Qe6 21.
a3 Qxg4 22. Nxg4 Nc6 23. Rfe1 Rb7 24. Rad1 Rbd7 25. Rxd7 Rxd7 26. Kf1 Kf8 27.
Ne5 Nxe5 28. Rxe5 Ke8 29. Ke2 Kd8 30. Rh5 Bf8 1-0

[Event "Open SSM A Giugno"]
[Site "Milano ITA"]
[Date "2013.06.09"]
[Round "6"]
[White "Margstahler, Francesco"]
[Black "Falchi, Claudio"]
[WhiteElo "1791"]
[BlackElo "1936"]
[Result "0-1"]
[PlyCount "68"]
[EventDate "2013.06.06"]

1. e4 b6 2. d4 Bb7 3. Nc3 e6 4. Nf3 Bb4 5. Bd3 Nf6 6. Bg5 h6 7. Bxf6 Qxf6 8.
O-O O-O 9. Ne2 Qd8 10. c3 Be7 11. Bc2 Re8 12. Qd3 g6 13. Rfe1 d6 14. e5 Nd7 15.
Nf4 dxe5 16. Nxe5 Nxe5 17. Rxe5 Bd6 18. Nxg6 Bxe5 19. Nxe5 f5 20. f4 Re7 21.
Bb3 Bd5 22. c4 Be4 23. Qe3 Rg7 24. Nf3 Bxf3 25. Qxf3 Qxd4+ 26. Kf1 Qe4 27. Qxe4
fxe4 28. Rd1 Rf8 29. g3 e5 30. Ke2 exf4 31. gxf4 Rxf4 32. Rd8+ Kh7 33. Ke3 Rh4
34. Bc2 Re7 0-1

[Event "Open SSM A Giugno"]
[Site "Milano ITA"]
[Date "2013.06.09"]
[Round "6"]
[White "Pelizzola, Danilo"]
[Black "Cazzaniga, Walter"]
[WhiteElo "2072"]
[BlackElo "2158"]
[Result "1-0"]
[PlyCount "131"]
[EventDate "2013.06.06"]

1. e4 Nf6 2. Nc3 d5 3. exd5 Nxd5 4. Bc4 c6 5. Nge2 Bf5 6. d3 e6 7. O-O Be7 8.
Bd2 Nd7 9. a3 h5 10. b4 Qc7 11. b5 Ne5 12. bxc6 bxc6 13. Nxd5 exd5 14. Bb3 Ng4
15. Bf4 Bd6 16. Qd2 Bxf4 17. Qxf4 Qxf4 18. Nxf4 Kd7 19. Rfe1 g5 20. Ne2 Kd6 21.
Nd4 Bd7 22. Nf3 f6 23. d4 Nh6 24. Rad1 a5 25. Ba4 Rab8 26. Rb1 Nf5 27. c3 g4
28. Nd2 Ng7 29. Rxb8 Rxb8 30. Rb1 Rxb1+ 31. Nxb1 Bf5 32. Nd2 Ne6 33. Bd1 c5 34.
Nb3 c4 35. Nd2 Nc7 36. Ba4 Bd3 37. f3 gxf3 38. gxf3 Ne6 39. Kf2 Ng7 40. Nf1 h4
41. Ne3 Ne6 42. Ng2 h3 43. Ne1 Bf5 44. Kg3 Ng7 45. Kf4 Bb1 46. Nc2 Ne6+ 47. Kg3
Ba2 48. Ne3 Nc7 49. Nf5+ Ke6 50. Kf4 Bb3 51. Bc6 Bc2 52. Ne3 Bb3 53. Bb7 Ba4
54. Kg3 Kd6 55. Kxh3 Nb5 56. Bxd5 Nxc3 57. Bxc4 Bd7+ 58. Kg2 Nb1 59. h4 Nxa3
60. h5 Be8 61. h6 Bg6 62. Bg8 a4 63. h7 Bxh7 64. Bxh7 Nb5 65. Nc2 Nc3 66. Bg8
1-0

[Event "Open SSM A Giugno"]
[Site "Milano ITA"]
[Date "2013.06.09"]
[Round "6"]
[White "Robertsen, Thomas"]
[Black "Marchini, Daniele"]
[WhiteElo "2231"]
[BlackElo "1898"]
[Result "1-0"]
[PlyCount "53"]
[EventDate "2013.06.06"]

1. e4 c5 2. Nf3 d6 3. d4 cxd4 4. Nxd4 Nf6 5. Nc3 a6 6. Bg5 e6 7. f4 Qb6 8. Qd2
Qxb2 9. Rb1 Qa3 10. e5 dxe5 11. fxe5 Nfd7 12. Ne4 Qxa2 13. Rb3 Qa1+ 14. Kf2 Nc6
15. Nxc6 bxc6 16. Nd6+ Bxd6 17. Qxd6 f6 18. Qxe6+ Kd8 19. Be3 Qxe5 20. Qxc6
Qf5+ 21. Kg1 Rb8 22. Rxb8 Nxb8 23. Qb6+ Ke8 24. Qxb8 Qxc2 25. h4 Kd7 26. Bxa6
Bxa6 27. Qxh8 1-0